| 000 | nkm a22 a 4500 | ||
|---|---|---|---|
| 999 |
_c398684 _d398684 |
||
| 003 | BLK | ||
| 005 | 20210216143206.0 | ||
| 008 | 210216b bul rap|r|||| r0| ||bulo| | ||
| 040 | _aBLK | ||
| 041 |
_aBUL _cBUL |
||
| 080 |
_aРегионална география 913 _b913 _x(497.2)-32 _z913(497.2)-32 |
||
| 139 | _aСептемврийски пламък [Изобразителен материал] | ||
| 245 |
_aСептемврийски пламък [Изобразителен материал] _bМихайловградски окръг : [албум] _cАнастас Първанов ; худож. Димитър Карталев |
||
| 257 | _aBGR | ||
| 260 |
_bСофия прес _c1983 _aСофия _9217133 |
||
| 300 | _a1 албум (112 с.) : с ил. ; 28 см | ||
| 380 | _a7 | ||
| 500 | _aИмето на авт. отбелязано в изд. каре Парал. текст на рус., нем. ез. Офс. изд. 15 182 тир. | ||
| 653 | 0 |
_aснимкови албуми _9401783 |
|
| 653 | 7 |
_aалбуми _9180586 |
|
| 852 |
_aЦб ІІ 26829 _bЦб |
||
| 942 |
_cGRA _n0 _s1 |
||
| 944 |
_aCR _c2021-02-16 |
||